| 000 | 00416cam a2200169ua 4500 | ||
|---|---|---|---|
| 020 | _cRs.2/- | ||
| 041 |
_ahin _h |
||
| 082 |
_a891.54 _bSUB/MU |
||
| 100 | _aSubdra kumari, choudan . | ||
| 245 |
_aMukul / _cChoudan Subdra Kumari. _hTextual Documents |
||
| 260 |
_aJabalpur : _bVijnas prakashan , _c1959. |
||
| 300 | _a130 ; . | ||
| 365 | _aRs.2/- | ||
| 504 | _a | ||
| 942 | _cBK | ||
| 999 |
_c12071 _d12071 |
||